Các vị thần trong phật giáo Trung Quốc
Gardado en:
| Autor Principal: | |
|---|---|
| Formato: | Libro |
| Idioma: | Undetermined |
| Publicado: |
VHTT
2002
|
| Những chủ đề: | |
| Các nhãn: |
Engadir etiqueta
Sen Etiquetas, Sexa o primeiro en etiquetar este rexistro!
|
| Thư viện lưu trữ: | Trung tâm Học liệu Trường Đại học Cần Thơ |
|---|
| LEADER | 00454nam a2200145Ia 4500 | ||
|---|---|---|---|
| 001 | CTU_50171 | ||
| 008 | 210402s9999 xx 000 0 und d | ||
| 082 | |a 294.343 | ||
| 100 | |a MÃ THƯ ĐIỀN | ||
| 245 | 0 | |a Các vị thần trong phật giáo Trung Quốc | |
| 245 | 0 | |c MÃ THƯ ĐIỀN | |
| 260 | |b VHTT | ||
| 260 | |c 2002 | ||
| 650 | |a buddhism - china - customs and practices | ||
| 980 | |a Trung tâm Học liệu Trường Đại học Cần Thơ | ||